| 000 | 00935nam a2200241 4500 | ||
|---|---|---|---|
| 001 | vtls000798860 | ||
| 003 | MY-SjTCS | ||
| 005 | 20200226120738.0 | ||
| 008 | 110218s1993 00 eng | ||
| 020 | _a0134808495 (pbk) | ||
| 039 | 9 |
_a201102181252 _bVLOAD _c200412071549 _dchon ling _c200411251535 _dramlah _c200411051432 _dramlah _y200407271834 _zVLOAD |
|
| 082 | 0 | 4 |
_a604.2 _bLUZ |
| 100 | 1 |
_aLuzadder , Warren J. _94083 |
|
| 245 | 1 | 0 |
_aIntroduction to engineering drawing : _bthe foundations of engineering design and computer - aided drafting / _cWarren J. Luzadder , Jon M. Duff |
| 250 | _a2nd ed. | ||
| 260 |
_aEnglewood Cliffs , N.J. : _bPrentice Hall , _cc1993 |
||
| 300 |
_axi , [251] p. ; _c28cm . |
||
| 650 | 0 | _aComputer graphics | |
| 650 | 0 |
_aEngineering graphics _93362 |
|
| 650 | 0 | _aMechanical drawing | |
| 700 | 1 |
_aDuff, Jon M., _d1948- _e( j.a.) |
|
| 920 | _aADP : 90839, 90840, 90841, 90842, 90925, 90926, 96697 | ||
| 999 | _c169846 | ||